The Story of Santa Claus (Registo nº 1277)

Detalhes MARC
000 -Etiqueta do registo
Cabeçalho 00603nam0a2200241 4500
005 - Identificador da versão
Campo de controlo 20240813121831.0
010 ## - Número internacional normalizado dos livros (ISBN)
Número (ISBN) 9781843256922
021 ## - Número do Depósito Legal
Código do país PT
100 ## - Dados gerais de processamento
Dados gerais de processamento 20111128d20022009c y0pory5003 ba
102 ## - Pais de publicação ou produção
País de publicação Portugal
101 0# - Língua de publicação
Língua do texto, banda sonora, etc. Inglês
Língua do documento no original Inglês
106 ## - Campo de dados codificados: material textual
Dados codificados do material textual r
105 ## - Campo de dados codificados: livros
Dados codificados dos livros a z 001yy
215 ## - Descrição física 
Indicação específica da natureza do documento e extensão da espécie 56 p.
Outras indicações físicas il.
Dimensões cm
200 1# - Titulo e menção de responsabilidade
Título próprio The Story of Santa Claus
Primeira menção de responsabilidade Jennry Dooley
Outras menções de responsabilidade il. Chris Scully
205 ## - Menção da edição
Menção da edição 2 ed
210 ## - Publicação, Distribuição, etc. 
Lugar da edição, distribuição, etc. Berkshire
Nome do editor, distribuidor, etc. Express Publishing
Data da publicação, distribuição, etc. 2009
701 #1 - Nome de autor-pessoa física (co-responsabilidade principal)
Palavra de ordem Scully
Outra parte do nome não tomada para palavra de ordem Chris
Código de função Ilustrador / Técnico de desenho computorizado
700 #1 - Nome de autor-pessoa física (responsabilidade principal)
Número de registo de entrada de autoridade 0001790
Palavra de ordem Dooley
Outra parte do nome não tomada para palavra de ordem Jenny
942 ## - Elementos de entrada adicionados (Koha)
Tipo de item no Koha Livro
Exemplares
Situação do levantamento Origin of item (home branch) (coded) Biblioteca de empréstimo Código de barras Cota Circulation type (not for loan) Tipo de documento Nota do exemplar Damaged status
  Biblioteca Escolar Eng. Nuno Mergulhão Biblioteca Escolar Eng. Nuno Mergulhão BENM2684 8EST DOO   Livro Sem mensagem